Journal of IMS Group : Achieving Excellence in Management and IT (Record no. 9942)

MARC details
000 -LEADER
fixed length control field 00397nam a22001217a 4500
003 - CONTROL NUMBER IDENTIFIER
control field OSt
008 - FIXED-LENGTH DATA ELEMENTS--GENERAL INFORMATION
fixed length control field 201217b ||||| |||| 00| 0 eng d
245 ## - TITLE STATEMENT
Title Journal of IMS Group : Achieving Excellence in Management and IT
250 ## - EDITION STATEMENT
Edition statement 2009(Jan-Jun Vol.6 No.1, Jul-Dec Vol.6 No.2) 2010(Jan-Jun Vol.7 No.1, Jul-Dec Vol.7 No.2)
260 ## - PUBLICATION, DISTRIBUTION, ETC. (IMPRINT)
Place of publication, distribution, etc Ghaziabad
Name of publisher, distributor, etc IMS Group
650 ## - SUBJECT ADDED ENTRY--TOPICAL TERM
Topical term or geographic name as entry element Management
942 ## - ADDED ENTRY ELEMENTS (KOHA)
Source of classification or shelving scheme Dewey Decimal Classification
Koha item type BOUND VOLUME
Holdings
Withdrawn status Lost status Source of classification or shelving scheme Materials specified (bound volume or other part) Damaged status Not for loan Collection code Home library Current library Date acquired Source of acquisition Serial Enumeration / chronologySerial Enumeration / Volume No. Total Checkouts Acc. no. / Barcode Date last seen Bill Date Koha item type
    Dewey Decimal Classification Bound Volume   Not For Loan MBA PIET C-LIBRARY PIET C-LIBRARY 17/12/2020 IMS Group 2009(Jan-Jun Vol.6 No.1, Jul-Dec Vol.6 No.2) 2010(Jan-Jun Vol.7 No.1, Jul-Dec Vol.7 No.2)   BV680 17/12/2020 09/01/2009 BOUND VOLUME

Design & Developed by: PIET Central Library
R70 Miles Stone Pattikalyana Samalkha Panipat 132102
mail ID :- [email protected], Phone No:- 0180-2569700 Ex.216